[Event "DVM U20 2022"]
[Site "Münster GER"]
[Date "2022.12.28"]
[Round "4"]
[White "Engel, Luis"]
[Black "Suvorov, Alexander"]
[Result "1/2-1/2"]
[Termination "normal"]
[Board "1.1"]
[WhiteTitle "GM"]
[BlackTitle "FM"]
[WhiteElo "2555"]
[BlackElo "2345"]
[WhiteClock "00:25:14"]
[BlackClock "00:10:03"]
[WhiteTeam "Hamburger SK von 1830 eV"]
[BlackTeam "Schachgemeinschaft Porz e. V."]
[PlyCount "97"]
[WhiteFideId "12961523"]
[BlackFideId "12977063"]
[EventCountry "GER"]
[EventRounds "7"]
[EventType "team-swiss"]
[EventDate "2022.12.26"]

1. e4 {[%clk 01:30:57]} {[%emt 00:00:02]} c5 {[%clk 01:30:46]} {[%emt
00:00:14]} 2. Nf3 {[%clk 01:31:23]} {[%emt 00:00:05]} d6 {[%clk 01:31:04]}
{[%emt 00:00:12]} 3. d4 {[%clk 01:31:47]} {[%emt 00:00:06]} cxd4 {[%clk
01:31:23]} {[%emt 00:00:12]} 4. Nxd4 {[%clk 01:32:11]} {[%emt 00:00:05]} Nf6
{[%clk 01:31:37]} {[%emt 00:00:15]} 5. Nc3 {[%clk 01:32:36]} {[%emt 00:00:06]}
a6 {[%clk 01:31:58]} {[%emt 00:00:09]} 6. Be2 {[%clk 01:31:21]} {[%emt
00:01:45]} e5 {[%clk 01:31:15]} {[%emt 00:01:12]} 7. Nb3 {[%clk 01:31:46]}
{[%emt 00:00:05]} Be7 {[%clk 01:30:18]} {[%emt 00:01:27]} 8. Be3 {[%clk
01:32:10]} {[%emt 00:00:06]} Be6 {[%clk 01:19:39]} {[%emt 00:11:09]} 9. O-O
{[%clk 01:30:13]} {[%emt 00:02:28]} O-O {[%clk 01:13:55]} {[%emt 00:06:14]} 10.
Qd3 {[%clk 01:27:36]} {[%emt 00:03:06]} Nbd7 {[%clk 01:06:42]} {[%emt
00:07:43]} 11. Nd5 {[%clk 01:27:48]} {[%emt 00:00:19]} Bxd5 {[%clk 01:01:19]}
{[%emt 00:05:54]} 12. exd5 {[%clk 01:28:12]} {[%emt 00:00:05]} Rc8 {[%clk
01:00:06]} {[%emt 00:01:43]} 13. c4 {[%clk 01:26:37]} {[%emt 00:02:05]} a5
{[%clk 00:54:05]} {[%emt 00:06:31]} 14. Rac1 {[%clk 01:23:18]} {[%emt
00:03:49]} Nc5 {[%clk 00:35:34]} {[%emt 00:19:01]} 15. Qc3 {[%clk 01:17:44]}
{[%emt 00:06:03]} b6 {[%clk 00:28:17]} {[%emt 00:07:48]} 16. Nxc5 {[%clk
01:14:11]} {[%emt 00:04:03]} bxc5 {[%clk 00:28:05]} {[%emt 00:00:42]} 17. Qa3
{[%clk 01:12:49]} {[%emt 00:01:51]} Nd7 {[%clk 00:23:51]} {[%emt 00:04:44]} 18.
Rc3 {[%clk 00:59:32]} {[%emt 00:13:48]} Rb8 {[%clk 00:18:08]} {[%emt 00:06:13]}
19. Bd2 {[%clk 00:56:54]} {[%emt 00:03:07]} f5 {[%clk 00:11:56]} {[%emt
00:06:43]} 20. Rb3 {[%clk 00:53:37]} {[%emt 00:03:47]} Rb4 {[%clk 00:10:39]}
{[%emt 00:01:47]} 21. Rh3 {[%clk 00:53:39]} {[%emt 00:00:28]} e4 {[%clk
00:08:42]} {[%emt 00:02:27]} 22. Bxb4 {[%clk 00:53:15]} {[%emt 00:00:53]} cxb4
{[%clk 00:08:59]} {[%emt 00:00:13]} 23. Qe3 {[%clk 00:52:16]} {[%emt 00:01:30]}
Nc5 {[%clk 00:07:58]} {[%emt 00:01:31]} 24. f4 {[%clk 00:49:09]} {[%emt
00:03:36]} exf3 {[%clk 00:05:02]} {[%emt 00:03:26]} 25. Rhxf3 {[%clk 00:47:56]}
{[%emt 00:01:43]} g6 {[%clk 00:04:50]} {[%emt 00:00:44]} 26. Bd3 {[%clk
00:44:18]} {[%emt 00:04:07]} Bg5 {[%clk 00:02:54]} {[%emt 00:02:26]} 27. Qf2
{[%clk 00:43:27]} {[%emt 00:01:21]} Bf6 {[%clk 00:02:35]} {[%emt 00:00:49]} 28.
b3 {[%clk 00:39:01]} {[%emt 00:04:55]} Be5 {[%clk 00:02:34]} {[%emt 00:00:31]}
29. g3 {[%clk 00:37:05]} {[%emt 00:02:26]} Qf6 {[%clk 00:02:36]} {[%emt
00:00:28]} 30. Kg2 {[%clk 00:36:35]} {[%emt 00:01:01]} Kg7 {[%clk 00:02:26]}
{[%emt 00:00:39]} 31. Re1 {[%clk 00:34:28]} {[%emt 00:02:38]} Bc3 {[%clk
00:02:38]} {[%emt 00:00:18]} 32. Re2 {[%clk 00:34:01]} {[%emt 00:00:57]} Bd4
{[%clk 00:02:49]} {[%emt 00:00:19]} 33. Qe1 {[%clk 00:32:19]} {[%emt 00:02:11]}
Be5 {[%clk 00:03:04]} {[%emt 00:00:15]} 34. Bc2 {[%clk 00:31:44]} {[%emt
00:01:05]} Rf7 {[%clk 00:03:18]} {[%emt 00:00:17]} 35. Kh1 {[%clk 00:28:49]}
{[%emt 00:03:24]} h5 {[%clk 00:03:20]} {[%emt 00:00:28]} 36. Rfe3 {[%clk
00:27:11]} {[%emt 00:02:09]} Re7 {[%clk 00:02:01]} {[%emt 00:01:49]} 37. Qf2
{[%clk 00:25:26]} {[%emt 00:02:14]} Rc7 {[%clk 00:02:09]} {[%emt 00:00:23]} 38.
Qf3 {[%clk 00:22:11]} {[%emt 00:03:45]} Rf7 {[%clk 00:02:06]} {[%emt 00:00:33]}
39. Rg2 {[%clk 00:20:51]} {[%emt 00:01:49]} Qg5 {[%clk 00:01:56]} {[%emt
00:00:40]} 40. Re1 {[%clk 00:17:27]} {[%emt 00:03:54]} Qf6 {[%clk 00:01:40]}
{[%emt 00:00:47]} 41. h3 {[%clk 00:13:25]} {[%emt 00:04:31]} Qg5 {[%clk
00:27:34]} {[%emt 00:04:35]} 42. Qf2 {[%clk 00:40:21]} {[%emt 00:03:35]} Re7
{[%clk 00:22:48]} {[%emt 00:05:16]} 43. Qf3 {[%clk 00:37:42]} {[%emt 00:03:09]}
Rf7 {[%clk 00:22:23]} {[%emt 00:00:56]} 44. Qe3 {[%clk 00:35:51]} {[%emt
00:02:20]} Qf6 {[%clk 00:16:25]} {[%emt 00:06:29]} 45. Bb1 {[%clk 00:32:17]}
{[%emt 00:04:03]} Bc3 {[%clk 00:15:04]} {[%emt 00:01:51]} 46. Ree2 {[%clk
00:32:34]} {[%emt 00:00:12]} Be5 {[%clk 00:14:14]} {[%emt 00:01:21]} 47. Qd2
{[%clk 00:30:08]} {[%emt 00:02:55]} Bc3 {[%clk 00:10:20]} {[%emt 00:04:25]} 48.
Qc1 {[%clk 00:27:40]} {[%emt 00:02:58]} Be5 {[%clk 00:10:03]} {[%emt 00:00:48]}
49. Qe3 {[%clk 00:25:14]} {[%emt 00:02:55]} 1/2-1/2

[Event "DVM U20 2022"]
[Site "Münster GER"]
[Date "2022.12.28"]
[Round "4"]
[White "Suvorov, Luca"]
[Black "Woelk, Tom-Frederic"]
[Result "1-0"]
[Termination "normal"]
[Board "1.2"]
[WhiteTitle "FM"]
[BlackTitle "FM"]
[WhiteElo "2299"]
[BlackElo "2281"]
[WhiteClock "00:00:51"]
[BlackClock "00:01:09"]
[WhiteTeam "Schachgemeinschaft Porz e. V."]
[BlackTeam "Hamburger SK von 1830 eV"]
[PlyCount "83"]
[WhiteFideId "12977071"]
[BlackFideId "12993077"]
[EventCountry "GER"]
[EventRounds "7"]
[EventType "team-swiss"]
[EventDate "2022.12.26"]

1. d4 {[%clk 01:30:59]} Nf6 {[%clk 01:30:36]} {[%emt 00:00:24]} 2. c4 {[%clk
01:31:22]} {[%emt 00:00:08]} e6 {[%clk 01:30:50]} {[%emt 00:00:15]} 3. Nc3
{[%clk 01:31:44]} {[%emt 00:00:08]} d5 {[%clk 01:31:05]} {[%emt 00:00:16]} 4.
cxd5 {[%clk 01:32:06]} {[%emt 00:00:07]} exd5 {[%clk 01:31:30]} {[%emt
00:00:06]} 5. Bg5 {[%clk 01:32:28]} {[%emt 00:00:08]} c6 {[%clk 01:31:55]}
{[%emt 00:00:05]} 6. e3 {[%clk 01:32:49]} {[%emt 00:00:08]} h6 {[%clk
01:32:20]} {[%emt 00:00:05]} 7. Bh4 {[%clk 01:32:59]} {[%emt 00:00:20]} Be7
{[%clk 01:31:57]} {[%emt 00:00:53]} 8. Bd3 {[%clk 01:33:10]} {[%emt 00:00:19]}
O-O {[%clk 01:30:21]} {[%emt 00:02:06]} 9. Nge2 {[%clk 01:29:54]} {[%emt
00:03:46]} Re8 {[%clk 01:25:10]} {[%emt 00:05:41]} 10. O-O {[%clk 01:26:27]}
{[%emt 00:03:57]} Nh5 {[%clk 01:12:08]} {[%emt 00:13:32]} 11. Bxe7 {[%clk
01:23:29]} {[%emt 00:03:27]} Qxe7 {[%clk 01:12:33]} {[%emt 00:00:06]} 12. Qd2
{[%clk 01:22:45]} {[%emt 00:01:13]} Qg5 {[%clk 01:08:58]} {[%emt 00:04:05]} 13.
Nf4 {[%clk 01:11:39]} {[%emt 00:11:37]} Nd7 {[%clk 00:56:57]} {[%emt 00:12:32]}
14. Rae1 {[%clk 01:00:04]} {[%emt 00:12:04]} Nf8 {[%clk 00:49:02]} {[%emt
00:08:24]} 15. Nxh5 {[%clk 00:39:26]} {[%emt 00:21:08]} Qxh5 {[%clk 00:49:19]}
{[%emt 00:00:13]} 16. f3 {[%clk 00:39:27]} {[%emt 00:00:29]} Qg5 {[%clk
00:41:20]} {[%emt 00:08:29]} 17. Qf2 {[%clk 00:25:41]} {[%emt 00:14:16]} Re6
{[%clk 00:23:23]} {[%emt 00:18:28]} 18. e4 {[%clk 00:13:18]} {[%emt 00:12:53]}
dxe4 {[%clk 00:23:20]} {[%emt 00:00:33]} 19. Nxe4 {[%clk 00:13:24]} {[%emt
00:00:24]} Qd8 {[%clk 00:19:10]} {[%emt 00:04:40]} 20. f4 {[%clk 00:11:25]}
{[%emt 00:02:29]} Nh7 {[%clk 00:11:07]} {[%emt 00:08:33]} 21. f5 {[%clk
00:08:27]} {[%emt 00:03:28]} Re8 {[%clk 00:11:00]} {[%emt 00:00:37]} 22. Bc4
{[%clk 00:02:18]} {[%emt 00:06:39]} Bxf5 {[%clk 00:09:19]} {[%emt 00:02:11]}
23. Qxf5 {[%clk 00:01:03]} {[%emt 00:01:45]} Qxd4 {[%clk 00:09:43]} {[%emt
00:00:06]} 24. Kh1 {[%clk 00:01:01]} {[%emt 00:00:36]} Qxc4 {[%clk 00:09:23]}
{[%emt 00:00:45]} 25. Nd6 {[%clk 00:01:00]} {[%emt 00:00:31]} g6 {[%clk
00:03:44]} {[%emt 00:06:09]} 26. Qf2 {[%clk 00:01:11]} {[%emt 00:00:20]} Qxa2
{[%clk 00:03:41]} {[%emt 00:00:33]} 27. Nxe8 {[%clk 00:00:55]} {[%emt
00:00:46]} Rd8 {[%clk 00:03:18]} {[%emt 00:00:52]} 28. Nf6 {[%clk 00:00:45]}
{[%emt 00:00:40]} Nxf6 {[%clk 00:03:46]} {[%emt 00:00:03]} 29. Qxf6 {[%clk
00:01:14]} {[%emt 00:00:01]} Rf8 {[%clk 00:04:01]} {[%emt 00:00:15]} 30. Re7
{[%clk 00:00:57]} {[%emt 00:00:45]} b5 {[%clk 00:04:02]} {[%emt 00:00:30]} 31.
Rc7 {[%clk 00:01:01]} {[%emt 00:00:27]} a5 {[%clk 00:04:06]} {[%emt 00:00:26]}
32. Rxc6 {[%clk 00:01:10]} {[%emt 00:00:21]} b4 {[%clk 00:04:27]} {[%emt
00:00:09]} 33. Rd6 {[%clk 00:00:43]} {[%emt 00:00:57]} Qc4 {[%clk 00:03:33]}
{[%emt 00:01:24]} 34. Qf4 {[%clk 00:00:44]} {[%emt 00:00:29]} Qxf4 {[%clk
00:02:35]} {[%emt 00:01:28]} 35. Rxf4 {[%clk 00:01:12]} {[%emt 00:00:02]} Rc8
{[%clk 00:02:57]} {[%emt 00:00:08]} 36. h3 {[%clk 00:01:15]} {[%emt 00:00:27]}
g5 {[%clk 00:02:42]} {[%emt 00:00:44]} 37. Rfd4 {[%clk 00:00:52]} {[%emt
00:00:54]} Kg7 {[%clk 00:02:55]} {[%emt 00:00:17]} 38. Kh2 {[%clk 00:00:42]}
{[%emt 00:00:40]} Rb8 {[%clk 00:02:20]} {[%emt 00:01:05]} 39. Ra6 {[%clk
00:00:50]} {[%emt 00:00:22]} Rb5 {[%clk 00:02:43]} {[%emt 00:00:07]} 40. Rd2
{[%clk 00:00:48]} {[%emt 00:00:32]} Rf5 {[%clk 00:01:20]} {[%emt 00:01:53]} 41.
g4 {[%clk 00:00:56]} {[%emt 00:00:22]} Rc5 {[%clk 00:01:09]} {[%emt 00:00:41]}
42. Rf2 {[%clk 00:00:51]} {[%emt 00:00:34]} 1-0

[Event "DVM U20 2022"]
[Site "Münster GER"]
[Date "2022.12.28"]
[Round "4"]
[White "Perkampus, Laurin"]
[Black "Weihrauch, Jakob"]
[Result "0-1"]
[Termination "normal"]
[Board "1.4"]
[WhiteElo "2168"]
[BlackElo "2214"]
[WhiteClock "01:31:21"]
[BlackClock "01:30:57"]
[WhiteTeam "Schachgemeinschaft Porz e. V."]
[BlackTeam "Hamburger SK von 1830 eV"]
[PlyCount "47"]
[WhiteFideId "16232283"]
[BlackFideId "16210115"]
[EventCountry "GER"]
[EventRounds "7"]
[EventType "team-swiss"]
[EventDate "2022.12.26"]

1. d4 {[%clk 01:30:57]} {[%emt 00:00:03]} Nf6 {[%clk 01:30:57]} {[%emt
00:00:04]} 2. c4 {[%emt 00:00:06]} g6 3. Nc3 d5 4. Nf3 Bg7 5. Qb3 dxc4 6. Qxc4
O-O 7. e4 Nc6 8. h3 Na5 9. Qa4 b6 10. Be3 Bb7 11. b4 Nc6 12. Rd1 Nb8 13. Bd3
Nfd7 14. Qb3 Qc8 15. O-O e6 16. Rc1 c5 17. bxc5 bxc5 18. dxc5 Na6 19. Nb5 Rb8
20. Qa3 Bxe4 21. Nd6 Bb2 22. Nxc8 Bxa3 23. Ne7 Kg7 24. Bxe4 {[%clk 01:31:21]}
0-1

[Event "DVM U20 2022"]
[Site "Münster GER"]
[Date "2022.12.28"]
[Round "4"]
[White "Gallasch, Robin"]
[Black "Kotyk, Michael"]
[Result "1-0"]
[Termination "normal"]
[Board "1.6"]
[WhiteElo "2035"]
[BlackElo "2032"]
[WhiteClock "00:12:00"]
[BlackClock "00:07:04"]
[WhiteTeam "Schachgemeinschaft Porz e. V."]
[BlackTeam "Hamburger SK von 1830 eV"]
[PlyCount "67"]
[WhiteFideId "16222423"]
[BlackFideId "16214501"]
[EventCountry "GER"]
[EventRounds "7"]
[EventType "team-swiss"]
[EventDate "2022.12.26"]

1. d4 {[%clk 01:30:55]} {[%emt 00:00:04]} Nf6 {[%clk 01:30:44]} {[%emt
00:00:17]} 2. c4 {[%clk 01:31:14]} {[%emt 00:00:11]} e6 {[%clk 01:31:07]}
{[%emt 00:00:07]} 3. Nf3 {[%clk 01:31:35]} {[%emt 00:00:08]} d5 {[%clk
01:31:32]} {[%emt 00:00:06]} 4. Nc3 {[%clk 01:31:59]} {[%emt 00:00:06]} dxc4
{[%clk 01:31:59]} {[%emt 00:00:04]} 5. e4 {[%clk 01:31:40]} {[%emt 00:00:47]}
b5 {[%clk 01:32:24]} {[%emt 00:00:06]} 6. e5 {[%clk 01:26:45]} {[%emt
00:05:25]} Nd5 {[%clk 01:32:50]} {[%emt 00:00:04]} 7. Nxb5 {[%clk 01:27:04]}
{[%emt 00:00:11]} Nb6 {[%clk 01:33:18]} {[%emt 00:00:02]} 8. h4 {[%clk
01:15:55]} {[%emt 00:11:38]} Nc6 {[%clk 01:26:17]} {[%emt 00:07:31]} 9. h5
{[%clk 01:14:57]} {[%emt 00:01:28]} Be7 {[%clk 01:20:46]} {[%emt 00:06:01]} 10.
h6 {[%clk 01:06:51]} {[%emt 00:08:36]} g6 {[%clk 01:20:38]} {[%emt 00:00:37]}
11. Be2 {[%clk 01:06:25]} {[%emt 00:00:57]} Rb8 {[%clk 01:20:19]} {[%emt
00:00:49]} 12. Nc3 {[%clk 00:50:13]} {[%emt 00:16:42]} O-O {[%clk 01:18:01]}
{[%emt 00:02:48]} 13. Kf1 {[%clk 00:42:54]} {[%emt 00:07:50]} Bb7 {[%clk
01:09:13]} {[%emt 00:09:19]} 14. b3 {[%clk 00:34:24]} {[%emt 00:08:59]} cxb3
{[%clk 01:08:45]} {[%emt 00:00:59]} 15. axb3 {[%clk 00:34:48]} {[%emt
00:00:05]} Nb4 {[%clk 00:51:01]} {[%emt 00:18:14]} 16. Rxa7 {[%clk 00:29:55]}
{[%emt 00:05:24]} c5 {[%clk 00:51:13]} {[%emt 00:00:18]} 17. Be3 {[%clk
00:28:24]} {[%emt 00:02:00]} N6d5 {[%clk 00:49:21]} {[%emt 00:02:22]} 18. Nxd5
{[%clk 00:26:21]} {[%emt 00:02:33]} Nxd5 {[%clk 00:49:08]} {[%emt 00:00:44]}
19. Bc4 {[%clk 00:23:54]} {[%emt 00:02:57]} Qb6 {[%clk 00:46:41]} {[%emt
00:02:57]} 20. Ra1 {[%clk 00:19:52]} {[%emt 00:04:31]} Nxe3 {[%clk 00:44:45]}
{[%emt 00:02:26]} 21. fxe3 {[%clk 00:20:16]} {[%emt 00:00:06]} Bxf3 {[%clk
00:45:02]} {[%emt 00:00:13]} 22. gxf3 {[%clk 00:17:47]} {[%emt 00:03:00]} cxd4
{[%clk 00:43:56]} {[%emt 00:01:36]} 23. Qxd4 {[%clk 00:17:34]} {[%emt
00:00:43]} Qb4 {[%clk 00:25:57]} {[%emt 00:18:28]} 24. Kg2 {[%clk 00:14:48]}
{[%emt 00:03:16]} Rbd8 {[%clk 00:17:26]} {[%emt 00:09:02]} 25. Qf4 {[%clk
00:14:36]} {[%emt 00:00:42]} g5 {[%clk 00:13:23]} {[%emt 00:04:33]} 26. Qe4
{[%clk 00:14:25]} {[%emt 00:00:40]} Qd2 {[%clk 00:13:48]} {[%emt 00:00:05]} 27.
Kg3 {[%clk 00:14:27]} {[%emt 00:00:28]} Bc5 {[%clk 00:12:29]} {[%emt 00:01:49]}
28. Rhe1 {[%clk 00:12:21]} {[%emt 00:02:36]} Kh8 {[%clk 00:09:32]} {[%emt
00:03:27]} 29. Rad1 {[%clk 00:11:52]} {[%emt 00:01:00]} f5 {[%clk 00:09:29]}
{[%emt 00:00:33]} 30. Qb7 {[%clk 00:10:41]} {[%emt 00:01:40]} f4 {[%clk
00:08:43]} {[%emt 00:01:16]} 31. Kh3 {[%clk 00:10:57]} {[%emt 00:00:14]} g4
{[%clk 00:07:14]} {[%emt 00:02:00]} 32. fxg4 {[%clk 00:11:18]} {[%emt
00:00:09]} Rd7 {[%clk 00:06:43]} {[%emt 00:01:01]} 33. Qxd7 {[%clk 00:11:37]}
{[%emt 00:00:11]} Qxd7 {[%clk 00:07:04]} {[%emt 00:00:08]} 34. Rxd7 {[%clk
00:12:00]} {[%emt 00:00:07]} 1-0

[Event "DVM U20 2022"]
[Site "Münster GER"]
[Date "2022.12.28"]
[Round "4"]
[White "Garbuz, Vitaliy"]
[Black "Nguyen, Alex Dac-Vuong"]
[Result "0-1"]
[Termination "normal"]
[Board "2.1"]
[BlackTitle "FM"]
[WhiteElo "2147"]
[BlackElo "2310"]
[WhiteClock "00:02:00"]
[BlackClock "00:05:57"]
[WhiteTeam "Schachfreunde Brackel 1930 e. V."]
[BlackTeam "Schachgemeinschaft Leipzig"]
[PlyCount "132"]
[WhiteFideId "12990710"]
[BlackFideId "12984388"]
[EventCountry "GER"]
[EventRounds "7"]
[EventType "team-swiss"]
[EventDate "2022.12.26"]

1. e4 {[%clk 01:30:57]} {[%emt 00:00:02]} c5 {[%clk 01:30:57]} {[%emt
00:00:03]} 2. Nf3 {[%clk 01:31:20]} {[%emt 00:00:07]} d6 {[%clk 01:31:22]}
{[%emt 00:00:05]} 3. b4 {[%clk 01:25:14]} {[%emt 00:06:36]} cxb4 {[%clk
01:31:11]} {[%emt 00:00:42]} 4. d4 {[%clk 01:25:37]} {[%emt 00:00:06]} Nf6
{[%clk 01:28:24]} {[%emt 00:03:16]} 5. Bd3 {[%clk 01:26:00]} {[%emt 00:00:07]}
Nc6 {[%clk 01:24:48]} {[%emt 00:04:07]} 6. h3 {[%clk 01:23:06]} {[%emt
00:03:25]} d5 {[%clk 01:23:43]} {[%emt 00:01:34]} 7. e5 {[%clk 01:23:01]}
{[%emt 00:00:35]} Ne4 {[%clk 01:24:07]} {[%emt 00:00:07]} 8. O-O {[%clk
01:21:52]} {[%emt 00:01:38]} g6 {[%clk 01:13:41]} {[%emt 00:10:56]} 9. a3
{[%clk 01:20:06]} {[%emt 00:02:15]} Bf5 {[%clk 01:09:09]} {[%emt 00:05:02]} 10.
axb4 {[%clk 01:19:23]} {[%emt 00:01:13]} Nxb4 {[%clk 01:09:31]} {[%emt
00:00:09]} 11. Ba3 {[%clk 01:18:45]} {[%emt 00:01:08]} Qb6 {[%clk 01:06:50]}
{[%emt 00:03:11]} 12. Qe2 {[%clk 01:10:31]} {[%emt 00:08:44]} Bh6 {[%clk
01:05:15]} {[%emt 00:02:06]} 13. Bxb4 {[%clk 00:57:37]} {[%emt 00:13:24]} Qxb4
{[%clk 01:05:39]} {[%emt 00:00:05]} 14. c4 {[%clk 00:57:32]} {[%emt 00:00:35]}
Ng5 {[%clk 00:49:48]} {[%emt 00:16:21]} 15. Nxg5 {[%clk 00:57:42]} {[%emt
00:00:20]} Bxg5 {[%clk 00:49:28]} {[%emt 00:00:50]} 16. Bxf5 {[%clk 00:58:04]}
{[%emt 00:00:08]} gxf5 {[%clk 00:49:55]} {[%emt 00:00:04]} 17. Qh5 {[%clk
00:55:47]} {[%emt 00:02:45]} Rg8 {[%clk 00:43:23]} {[%emt 00:07:03]} 18. h4
{[%clk 00:53:21]} {[%emt 00:02:56]} Qb2 {[%clk 00:35:46]} {[%emt 00:08:07]} 19.
e6 {[%clk 00:33:49]} {[%emt 00:20:02]} Rg7 {[%clk 00:36:05]} {[%emt 00:00:11]}
20. Ra5 {[%clk 00:29:14]} {[%emt 00:05:05]} Bf6 {[%clk 00:32:45]} {[%emt
00:03:50]} 21. Rxd5 {[%clk 00:28:00]} {[%emt 00:01:43]} Qc2 {[%clk 00:26:55]}
{[%emt 00:06:20]} 22. Rxf5 {[%clk 00:18:35]} {[%emt 00:09:56]} Qxc4 {[%clk
00:24:47]} {[%emt 00:02:38]} 23. exf7 {[%clk 00:18:57]} {[%emt 00:00:08]} Qxf7
{[%clk 00:24:28]} {[%emt 00:00:49]} 24. Qf3 {[%clk 00:18:21]} {[%emt 00:01:06]}
Rd8 {[%clk 00:15:20]} {[%emt 00:09:38]} 25. Qxb7 {[%clk 00:17:30]} {[%emt
00:01:21]} Qe6 {[%clk 00:14:23]} {[%emt 00:01:26]} 26. Rf4 {[%clk 00:15:23]}
{[%emt 00:02:37]} Rxd4 {[%clk 00:13:22]} {[%emt 00:01:32]} 27. Qxa7 {[%clk
00:09:22]} {[%emt 00:06:31]} Rxf4 {[%clk 00:13:48]} {[%emt 00:00:04]} 28. Qb8
{[%clk 00:09:47]} {[%emt 00:00:05]} Kf7 {[%clk 00:14:14]} {[%emt 00:00:04]} 29.
Qxf4 {[%clk 00:10:12]} {[%emt 00:00:05]} Rg4 {[%clk 00:14:09]} {[%emt
00:00:34]} 30. Qe3 {[%clk 00:08:45]} {[%emt 00:01:58]} Re4 {[%clk 00:06:15]}
{[%emt 00:08:24]} 31. Qh3 {[%clk 00:07:12]} {[%emt 00:02:03]} Qxh3 {[%clk
00:06:40]} {[%emt 00:00:05]} 32. gxh3 {[%clk 00:07:38]} {[%emt 00:00:04]} Rxh4
{[%clk 00:07:04]} {[%emt 00:00:06]} 33. Kg2 {[%clk 00:07:25]} {[%emt 00:00:42]}
Rd4 {[%clk 00:06:17]} {[%emt 00:01:18]} 34. Nc3 {[%clk 00:07:44]} {[%emt
00:00:10]} Kg6 {[%clk 00:06:26]} {[%emt 00:00:22]} 35. Re1 {[%clk 00:07:00]}
{[%emt 00:01:14]} Rd3 {[%clk 00:05:02]} {[%emt 00:01:54]} 36. Ne4 {[%clk
00:06:58]} {[%emt 00:00:30]} Bd4 {[%clk 00:05:25]} {[%emt 00:00:08]} 37. Re2
{[%clk 00:06:59]} {[%emt 00:00:29]} e5 {[%clk 00:03:20]} {[%emt 00:02:36]} 38.
Rd2 {[%clk 00:04:41]} {[%emt 00:02:48]} Rb3 {[%clk 00:03:19]} {[%emt 00:00:30]}
39. Rc2 {[%clk 00:02:49]} {[%emt 00:02:22]} Kf5 {[%clk 00:02:24]} {[%emt
00:01:26]} 40. Ng3 {[%clk 00:02:53]} {[%emt 00:00:26]} Kg5 {[%clk 00:01:41]}
{[%emt 00:01:13]} 41. Ne4 {[%clk 00:28:34]} {[%emt 00:04:49]} Kf4 {[%clk
00:31:12]} {[%emt 00:00:58]} 42. Ng3 {[%clk 00:27:20]} {[%emt 00:01:45]} Rb7
{[%clk 00:28:50]} {[%emt 00:02:52]} 43. Re2 {[%clk 00:27:31]} {[%emt 00:00:19]}
Kg5 {[%clk 00:29:00]} {[%emt 00:00:20]} 44. Ne4 {[%clk 00:27:29]} {[%emt
00:00:31]} Kh4 {[%clk 00:28:14]} {[%emt 00:01:16]} 45. Nd6 {[%clk 00:26:43]}
{[%emt 00:01:15]} Rg7 {[%clk 00:28:28]} {[%emt 00:00:17]} 46. Kh2 {[%clk
00:26:36]} {[%emt 00:00:37]} Kg5 {[%clk 00:24:49]} {[%emt 00:04:08]} 47. Re4
{[%clk 00:22:38]} {[%emt 00:04:28]} Rd7 {[%clk 00:24:13]} {[%emt 00:01:06]} 48.
Rg4 {[%clk 00:22:22]} {[%emt 00:00:46]} Kf6 {[%clk 00:24:33]} {[%emt 00:00:10]}
49. Ne4 {[%clk 00:22:24]} {[%emt 00:00:28]} Kf5 {[%clk 00:23:50]} {[%emt
00:01:13]} 50. Ng3 {[%clk 00:22:21]} {[%emt 00:00:33]} Ke6 {[%clk 00:24:07]}
{[%emt 00:00:14]} 51. Ne4 {[%clk 00:16:13]} {[%emt 00:06:37]} Ra7 {[%clk
00:21:54]} {[%emt 00:02:43]} 52. Kg3 {[%clk 00:14:24]} {[%emt 00:02:20]} Kd5
{[%clk 00:20:25]} {[%emt 00:01:59]} 53. f3 {[%clk 00:14:10]} {[%emt 00:00:43]}
Be3 {[%clk 00:20:05]} {[%emt 00:00:50]} 54. Rg8 {[%clk 00:09:19]} {[%emt
00:05:21]} Bf4 {[%clk 00:20:27]} {[%emt 00:00:09]} 55. Kg4 {[%clk 00:09:27]}
{[%emt 00:00:21]} Kd4 {[%clk 00:20:38]} {[%emt 00:00:19]} 56. Nf6 {[%clk
00:08:59]} {[%emt 00:00:58]} Ke3 {[%clk 00:08:38]} {[%emt 00:12:30]} 57. Nd5
{[%clk 00:08:28]} {[%emt 00:01:02]} Kf2 {[%clk 00:09:00]} {[%emt 00:00:08]} 58.
Nxf4 {[%clk 00:07:07]} {[%emt 00:01:51]} Ra4 {[%clk 00:09:18]} {[%emt
00:00:12]} 59. Rf8 {[%clk 00:06:24]} {[%emt 00:01:13]} Ke3 {[%clk 00:09:03]}
{[%emt 00:00:45]} 60. Rf7 {[%clk 00:01:00]} {[%emt 00:05:54]} Rb4 {[%clk
00:03:48]} {[%emt 00:05:44]} 61. h4 {[%clk 00:00:38]} {[%emt 00:00:53]} Rxf4
{[%clk 00:03:45]} {[%emt 00:00:33]} 62. Rxf4 {[%clk 00:01:02]} {[%emt
00:00:05]} exf4 {[%clk 00:04:12]} {[%emt 00:00:03]} 63. h5 {[%clk 00:01:24]}
{[%emt 00:00:08]} h6 {[%clk 00:04:39]} {[%emt 00:00:04]} 64. Kf5 {[%clk
00:01:50]} {[%emt 00:00:04]} Kxf3 {[%clk 00:05:05]} {[%emt 00:00:03]} 65. Kg6
{[%clk 00:01:34]} {[%emt 00:00:47]} Kg4 {[%clk 00:05:30]} {[%emt 00:00:04]} 66.
Kxh6 {[%clk 00:02:00]} {[%emt 00:00:04]} f3 {[%clk 00:05:57]} {[%emt 00:00:03]}
0-1